Bangabandhu Sheikh Mujibur Rahman Voice of the Vortex / (Record no. 7136)
[ view plain ]
| 000 -LEADER | |
|---|---|
| fixed length control field | 00830nam a22002297a 4500 |
| 003 - CONTROL NUMBER IDENTIFIER | |
| control field | BUBTL |
| 008 - FIXED-LENGTH DATA ELEMENTS--GENERAL INFORMATION | |
| fixed length control field | 231113b ||||| |||| 00| 0 eng d |
| 020 ## - INTERNATIONAL STANDARD BOOK NUMBER | |
| International Standard Book Number | 9789849385387 |
| 041 ## - LANGUAGE CODE | |
| Language code of text/sound track or separate title | eng |
| 082 ## - DEWEY DECIMAL CLASSIFICATION NUMBER | |
| Classification number | 954.92/ M8469b/ 2021 |
| 245 ## - TITLE STATEMENT | |
| Title | Bangabandhu Sheikh Mujibur Rahman Voice of the Vortex / |
| Statement of responsibility, etc. | Shamsad Mortuza |
| 250 ## - EDITION STATEMENT | |
| Edition statement | Ist ed. |
| 260 ## - PUBLICATION, DISTRIBUTION, ETC. (IMPRINT) | |
| Place of publication, distribution, etc. | Dhaka : |
| Name of publisher, distributor, etc. | National Implementation Committee for the Celebration of the Birth Centenary of the Father of the Nation Bangabandhu Sheikh Mujibur Rahman. |
| Date of publication, distribution, etc. | c2021 |
| 300 ## - PHYSICAL DESCRIPTION | |
| Extent | xi, 187 p. : |
| Other physical details | ills. ; |
| Dimensions | 22cm. |
| 505 ## - FORMATTED CONTENTS NOTE | |
| Formatted contents note | Voice of the Vortex, Shamsad Mortuza, Bangubandhu |
| 650 #0 - SUBJECT ADDED ENTRY--TOPICAL TERM | |
| 9 (RLIN) | 4372 |
| Topical term or geographic name as entry element | Bangabandhu |
| 650 #0 - SUBJECT ADDED ENTRY--TOPICAL TERM | |
| 9 (RLIN) | 3573 |
| Topical term or geographic name as entry element | বঙ্গবন্ধু |
| 710 ## - ADDED ENTRY--CORPORATE NAME | |
| 9 (RLIN) | 5575 |
| Corporate name or jurisdiction name as entry element | Mortuza, Shamsad |
| 856 ## - ELECTRONIC LOCATION AND ACCESS | |
| Password | 0 |
| Logon | 0 |
| Link text | Download |
| 942 ## - ADDED ENTRY ELEMENTS (KOHA) | |
| Source of classification or shelving scheme | |
| Koha item type | Books |
| Withdrawn status | Lost status | Source of classification or shelving scheme | Damaged status | Not for loan | Collection code | Permanent location | Current location | Shelving location | Date acquired | Source of acquisition | Inventory number | Total Checkouts | Full call number | Barcode | Date last seen | Copy number | Price effective from | Koha item type |
|---|---|---|---|---|---|---|---|---|---|---|---|---|---|---|---|---|---|---|
| Non-fiction | Bangladesh University of Business and Technology Library | Bangladesh University of Business and Technology Library | Historical Books | 06/30/2022 | Purchase | 28686 | 954.92/ M8469b/ 2021 | BUBTL-200328686 | 11/13/2023 | C-1 | 11/13/2023 | Books |
